| Tag |
First Indicator |
Second Indicator |
Subfields |
| LEADER |
00000cam a2200000 a 4500 |
| 001 |
in00000009379 |
| 005 |
20151007051531.0 |
| 008 |
870422s1987 maua 00110 eng |
| 010 |
|
|
|a 87011962
|
| 020 |
|
|
|a 0875841821
|
| 035 |
|
|
|a (OCoLC)15660365
|
| 035 |
|
|
|9 AAA3464AM
|
| 040 |
|
|
|a DLC
|c DLC
|d TXA
|d UtOrBLW
|
| 043 |
|
|
|a n-us---
|
| 049 |
|
|
|a TXAM
|c [A12628764]
|
| 050 |
0 |
0 |
|a HD38.25.U6
|b V36 1987
|
| 082 |
0 |
|
|a 658.4
|2 19
|
| 100 |
1 |
|
|a Vancil, Richard F.
|
| 245 |
1 |
0 |
|a Passing the baton :
|b managing the process of CEO succession /
|c Richard F. Vancil ; foreword by Alonzo L. McDonald.
|
| 264 |
|
1 |
|a Boston, Mass. :
|b Harvard Business School Press,
|c [1987]
|
| 264 |
|
4 |
|c ©1987
|
| 300 |
|
|
|a xxii, 318 pages :
|b illustrations ;
|c 25 cm.
|
| 336 |
|
|
|a text
|b txt
|2 rdacontent
|
| 337 |
|
|
|a unmediated
|b n
|2 rdamedia
|
| 338 |
|
|
|a volume
|b nc
|2 rdacarrier
|
| 500 |
|
|
|a Includes index.
|
| 650 |
|
0 |
|a Chief executive officers
|z United States
|x Succession.
|
| 650 |
|
0 |
|a Directors of corporations
|z United States.
|
| 650 |
|
0 |
|a Industrial management
|z United States.
|
| 999 |
|
|
|a MARS
|
| 999 |
f |
f |
|s 39a5ba60-7e1f-3fa4-bd5f-2f9c0a2bd4f0
|i 6bf33a11-49ed-3085-b684-e724c5f8701f
|t 0
|
| 952 |
f |
f |
|p normal
|a Texas A&M University
|b College Station
|c Sterling C. Evans Library
|d Evans: Library Stacks
|t 0
|e HD38.25.U6 V36 1987
|h Library of Congress classification
|i unmediated -- volume
|m A14812628764
|
| 998 |
f |
f |
|a HD38.25.U6 V36 1987
|t 0
|l Evans: Library Stacks
|